О замкнутости полиномов Чебышева для бесконечного промежутка: вып. 3 и 4; Труды Среднеазиатского Государственного Университета им. В. Л. Ленина

Bibliografiske detaljer
Parent link:Труды Среднеазиатского Государственного Университета им. В. Л. Ленина/ Министерство высшего образования СССР, Среднеазиатский Госуниверситет. О замкнутости полиномов Чебышева для бесконечного промежутка. О разложении произвольной функции в ряды по полиномам Laguerr'a.— , 1950-1967
Hovedforfatter: Назаров Н. Н.
Sprog:russisk
Udgivet: Ташкент, Изд-во САГУ, 1930
Serier:Серия V-а. Математика
Fag:
Format: MixedMaterials Bog
KOHA link:https://koha.lib.tpu.ru/cgi-bin/koha/opac-detail.pl?biblionumber=175635

MARC

LEADER 00000nam2a2200000 4500
001 175635
005 20241205144746.0
035 |a (RuTPU)RU\TPU\book\190427 
035 |a RU\TPU\book\190414 
090 |a 175635 
100 |a 20100216d1930 k y0rusy50 ca 
101 0 |a rus 
102 |a RU 
105 |a a z 001yy 
200 0 |a О замкнутости полиномов Чебышева для бесконечного промежутка  |d О разложении произвольной функции в ряды по полиномам Laguerr'a  |e вып. 3 и 4  |f Н. Н. Назаров 
210 |a Ташкент  |c Изд-во САГУ  |d 1930 
215 |a 10 с. 
225 1 |a Серия V-а. Математика 
461 0 |0 (RuTPU)RU\TPU\book\22548  |t Труды Среднеазиатского Государственного Университета им. В. Л. Ленина  |f Министерство высшего образования СССР, Среднеазиатский Госуниверситет  |v О замкнутости полиномов Чебышева для бесконечного промежутка. О разложении произвольной функции в ряды по полиномам Laguerr'a  |d 1950-1967 
610 1 |a математика 
610 1 |a вычисления 
610 1 |a полиномы 
610 1 |a функции 
610 1 |a ряды 
610 1 |a полиномы Чебышев 
610 1 |a теория 
675 |a 51  |v 3 
700 1 |a Назаров  |b Н. Н. 
801 1 |a RU  |b 63413507  |c 20100210 
801 2 |a RU  |b 63413507  |c 20130906  |g RCR 
942 |c BK